Introducción a la nematología agrícola /

Guardado en:
Autor Principal: Fraga, César Pablo
Formato: Libro
Publicado: Buenos Aires : Hemisferio Sur, 1984
Edición:2a. ed.
Materias:
Etiquetas: Agregar Etiqueta
Sin Etiquetas, Sea el primero en etiquetar este registro!
LEADER 00754nam a22002295a 4500
001 CEM.cems015876
005 20100301180406.0
008 130507s1984##################000#0#####d
003 CEMS
082 0 4 |a 632.7 
100 1 |a Fraga, César Pablo 
245 1 0 |a Introducción a la nematología agrícola /  |c César Pablo Fraga, 
250 |a 2a. ed. 
260 |a Buenos Aires :  |b Hemisferio Sur,  |c 1984 
300 |a 128 p. 
653 |a Agricultura 
653 |a Cultivos-plagas 
653 |a Plagas agrícolas 
653 |a Zoologia agrícola 
859 |a CEMS  |b BIB. CEMS - Agricultura  |h 632.7  |i F842a2  |p A0228.00  |t Ej.3 
859 |a CEMS  |b BIB. CEMS - Agricultura  |h 632.7  |i F842a2  |p A13644.85  |t Ej.1 
859 |a CEMS  |b BIB. CEMS - Agricultura  |h 632.7  |i F842a2  |p A15972.90  |t Ej.2